000
00281 a2200109 4500
001
55624
082
_a
923.25491 ZAI
090
_c
34508
_d
34508
100
_a
Zaidi, Z. H.
245
_a
Jinnah Papers: Pakistan in the making
260
_a
Islamabad
_b
Publishers United Ltd
_c
1996
942
_a
NUST-CAE
_k
923.25491 ZAI
999
_c
290697
_d
290697